<?xml version="1.0" encoding="UTF-8"?>
<record
    xmlns:xsi="http://www.w3.org/2001/XMLSchema-instance"
    xsi:schemaLocation="http://www.loc.gov/MARC21/slim http://www.loc.gov/standards/marcxml/schema/MARC21slim.xsd"
    xmlns="http://www.loc.gov/MARC21/slim">

  <leader>01612nam a22003017a 4500</leader>
  <controlfield tag="003">dpl</controlfield>
  <controlfield tag="005">20180831114203.0</controlfield>
  <controlfield tag="008">180831b        xxu||||| |||| 00| 0 eng d</controlfield>
  <datafield tag="010" ind1=" " ind2=" ">
    <subfield code="a">A-723876</subfield>
  </datafield>
  <datafield tag="020" ind1=" " ind2=" ">
    <subfield code="c">65.00</subfield>
    <subfield code="a">817037125</subfield>
  </datafield>
  <datafield tag="035" ind1=" " ind2=" ">
    <subfield code="a">A-723876, A-723904</subfield>
  </datafield>
  <datafield tag="037" ind1=" " ind2=" ">
    <subfield code="b">Cen Lib/Ret</subfield>
  </datafield>
  <datafield tag="040" ind1=" " ind2=" ">
    <subfield code="a">DPL</subfield>
    <subfield code="b">HN</subfield>
    <subfield code="c">0</subfield>
  </datafield>
  <datafield tag="082" ind1=" " ind2=" ">
    <subfield code="a">&#x909; </subfield>
    <subfield code="b">&#x92A;&#x93E;&#x923;&#x93F;&#x917;&#x94D;&#x930;</subfield>
  </datafield>
  <datafield tag="100" ind1=" " ind2=" ">
    <subfield code="a">&#x92A;&#x93E;&#x923;&#x93F;&#x917;&#x94D;&#x930;&#x939;&#x940;, &#x915;&#x932;&#x93F;&#x928;&#x94D;&#x926;&#x93F;&#x91A;&#x930;&#x923; </subfield>
    <subfield code="9">9493</subfield>
  </datafield>
  <datafield tag="245" ind1=" " ind2=" ">
    <subfield code="a">&#x92E;&#x93F;&#x91F;&#x91F;&#x940; &#x915;&#x93E; &#x92A;&#x941;&#x924;&#x932;&#x93E;  :</subfield>
    <subfield code="c"> &#x915;&#x932;&#x93F;&#x928;&#x94D;&#x926;&#x93F;&#x91A;&#x930;&#x923; &#x92A;&#x93E;&#x923;&#x93F;&#x917;&#x94D;&#x930;&#x939;&#x940; ; &#x905;&#x928;&#x941;&#x935;&#x93E;&#x926;&#x915; &#x938;&#x930;&#x938;&#x94D;&#x935;&#x924;&#x940; &#x92A;&#x93E;&#x923;&#x93F;&#x917;&#x94D;&#x930;&#x939;&#x940; [&#x90F;&#x935;&#x902;] &#x928;&#x93F;&#x924;&#x94D;&#x92F;&#x93E;&#x928;&#x902;&#x926; &#x92E;&#x939;&#x93E;&#x92A;&#x93E;&#x924;&#x94D;&#x930; </subfield>
    <subfield code="b">&#x909;&#x921;&#x93C;&#x93F;&#x92F;&#x93E; &#x92D;&#x93E;&#x937;&#x93E; &#x915;&#x93E; &#x938;&#x93E;&#x92E;&#x93E;&#x91C;&#x93F;&#x915; &#x909;&#x92A;&#x928;&#x94D;&#x92F;&#x93E;&#x938;  /</subfield>
  </datafield>
  <datafield tag="246" ind1=" " ind2=" ">
    <subfield code="a">Mitti ka putla : udiya bhasha ka samajik upanyas </subfield>
    <subfield code="b">by SKalindicharan Paanigrahi ;anuvadak Saraswati Paanigraahi [evam] Nityanand Mahapatra </subfield>
  </datafield>
  <datafield tag="260" ind1=" " ind2=" ">
    <subfield code="a">&#x928;&#x908; &#x926;&#x93F;&#x932;&#x94D;&#x932;&#x940; </subfield>
    <subfield code="b">&#x92A;&#x942;&#x930;&#x94D;&#x935;&#x94B;&#x926;&#x92F; &#x92A;&#x94D;&#x930;&#x915;&#x93E;&#x936;&#x928; </subfield>
    <subfield code="c">1994</subfield>
  </datafield>
  <datafield tag="270" ind1=" " ind2=" ">
    <subfield code="a">7/8, &#x926;&#x930;&#x93F;&#x92F;&#x93E; &#x917;&#x902;&#x91C; </subfield>
    <subfield code="b">&#x928;&#x908; &#x926;&#x93F;&#x932;&#x94D;&#x932;&#x940; </subfield>
    <subfield code="e">110002</subfield>
  </datafield>
  <datafield tag="300" ind1=" " ind2=" ">
    <subfield code="a">99&#x92A;&#x943;&#x937;&#x94D;&#x920;. </subfield>
    <subfield code="c">20&#x938;&#x947;&#x92E;&#x940;(&#x938;&#x91C;&#x93F;&#x932;&#x94D;&#x926;)</subfield>
  </datafield>
  <datafield tag="650" ind1=" " ind2=" ">
    <subfield code="a">&#x939;&#x93F;&#x902;&#x926;&#x940; &#x938;&#x93E;&#x939;&#x93F;&#x924;&#x94D;&#x92F; </subfield>
    <subfield code="9">70539</subfield>
  </datafield>
  <datafield tag="650" ind1=" " ind2=" ">
    <subfield code="a">&#x909;&#x921;&#x93C;&#x93F;&#x92F;&#x93E; &#x939;&#x93F;&#x902;&#x926;&#x940; &#x909;&#x92A;&#x928;&#x94D;&#x92F;&#x93E;&#x938; </subfield>
    <subfield code="9">70540</subfield>
  </datafield>
  <datafield tag="650" ind1=" " ind2=" ">
    <subfield code="a">Hindi literature</subfield>
    <subfield code="9">70541</subfield>
  </datafield>
  <datafield tag="650" ind1=" " ind2=" ">
    <subfield code="a">Oriya Hindi novel</subfield>
    <subfield code="9">70542</subfield>
  </datafield>
  <datafield tag="700" ind1=" " ind2=" ">
    <subfield code="a">&#x92A;&#x93E;&#x923;&#x93F;&#x917;&#x94D;&#x930;&#x939;&#x940;, &#x938;&#x930;&#x938;&#x94D;&#x935;&#x924;&#x940; </subfield>
    <subfield code="9">42542</subfield>
  </datafield>
  <datafield tag="700" ind1=" " ind2=" ">
    <subfield code="a">&#x92E;&#x92A;&#x924;&#x94D;&#x930;, &#x928;&#x93F;&#x924;&#x94D;&#x92F;&#x93E;&#x928;&#x902;&#x926; </subfield>
    <subfield code="9">70543</subfield>
  </datafield>
  <datafield tag="942" ind1=" " ind2=" ">
    <subfield code="2">ddc</subfield>
    <subfield code="c">HN</subfield>
    <subfield code="h">&#x909; </subfield>
    <subfield code="m">&#x92A;&#x93E;&#x923;&#x93F;&#x917;&#x94D;&#x930;</subfield>
  </datafield>
  <datafield tag="999" ind1=" " ind2=" ">
    <subfield code="c">117176</subfield>
    <subfield code="d">117176</subfield>
  </datafield>
  <datafield tag="952" ind1=" " ind2=" ">
    <subfield code="0">4</subfield>
    <subfield code="1">0</subfield>
    <subfield code="4">0</subfield>
    <subfield code="7">0</subfield>
    <subfield code="a">L</subfield>
    <subfield code="b">L</subfield>
    <subfield code="d">2015-08-26</subfield>
    <subfield code="e">Cen Lib /Ret</subfield>
    <subfield code="g">65.00</subfield>
    <subfield code="l">0</subfield>
    <subfield code="o">&#x909;  &#x92A;&#x93E;&#x923;&#x93F;&#x917;&#x94D;&#x930;</subfield>
    <subfield code="p">A-723876</subfield>
    <subfield code="r">2015-08-26 00:00:00</subfield>
    <subfield code="t">1</subfield>
    <subfield code="v">65.00</subfield>
    <subfield code="w">2015-08-26</subfield>
    <subfield code="y">HN</subfield>
    <subfield code="z">Written off on approval by DLB (By Circulation); dtd 15-06-2023</subfield>
  </datafield>
  <datafield tag="952" ind1=" " ind2=" ">
    <subfield code="0">0</subfield>
    <subfield code="1">0</subfield>
    <subfield code="2">ddc</subfield>
    <subfield code="4">0</subfield>
    <subfield code="7">0</subfield>
    <subfield code="a">L</subfield>
    <subfield code="b">L</subfield>
    <subfield code="d">2016-10-29</subfield>
    <subfield code="g">65.00</subfield>
    <subfield code="l">2</subfield>
    <subfield code="o">&#x909;  &#x92A;&#x93E;&#x923;&#x93F;&#x917;&#x94D;&#x930;</subfield>
    <subfield code="p">A-723875</subfield>
    <subfield code="r">2018-05-14 00:00:00</subfield>
    <subfield code="s">2018-05-03</subfield>
    <subfield code="t">2</subfield>
    <subfield code="v">65.00</subfield>
    <subfield code="w">2016-10-29</subfield>
    <subfield code="y">HN</subfield>
  </datafield>
  <datafield tag="952" ind1=" " ind2=" ">
    <subfield code="0">0</subfield>
    <subfield code="1">0</subfield>
    <subfield code="2">ddc</subfield>
    <subfield code="4">0</subfield>
    <subfield code="7">0</subfield>
    <subfield code="8">FIC</subfield>
    <subfield code="a">BL4</subfield>
    <subfield code="b">BL4</subfield>
    <subfield code="d">2018-08-31</subfield>
    <subfield code="e">BPPD/PUB</subfield>
    <subfield code="g">65.00</subfield>
    <subfield code="l">0</subfield>
    <subfield code="o">&#x909;  &#x92A;&#x93E;&#x923;&#x93F;&#x917;&#x94D;&#x930;</subfield>
    <subfield code="p">A-723904</subfield>
    <subfield code="r">2018-08-31 00:00:00</subfield>
    <subfield code="v">65.00</subfield>
    <subfield code="w">2018-08-31</subfield>
    <subfield code="y">HN</subfield>
  </datafield>
</record>
